000 01190nam a2200241Ia 4500
999 _c37916
_d37916
001 3894
003 GE_BSU
005 20190820170332.0
008 181216s1985||||ge |||||||||||||| ||geo||
040 _cGE_BSU
041 _ageo
080 _a008+128 ჯ–50
100 _aჯიოევი, ოთარ
_93706
245 _aკულტურა ადამიანის ცხოვრებაში და ბრძოლა უარყოფით მოვლენებთან /
_cრედ. გ. ბანძელაძე; საქ. სსრ მეცნ. აკად. ფილოსოფიის ინ–ტი.
264 _aთბ. :
_bმეცნიერება,
_c1985.
300 _a104 გვ. ;
_b22 სმ.
500 _aკანზე სათაური: კულტურა და ადამიანის ცხოვრება.
653 _aკულტურა
653 _aნეგატიურ მოვლენებთან ბრძოლა
700 _aბანძელაძე, გ.
_eრედაქტორი
_93556
710 _aფილოსოფიის ინ-ტი.
_93707
942 _cBK
_2udc